00815nam a2200205Ia 4500008004100000050001100041050001600052100001800068245022400086245010500310260003100415260001000446260001000456300001600466300002600482300001100508500005600519650001500575999001900590150520s9999 xx 000 0 und d aQP 501 b.Ag264 2015 aAgdon, Graf.  2aA comparative analysis of antimycotic activity of ocimum basilicum l. (sweet basil) and plumeria obtusa l. (kalachuchi) methanol leaf extract against miconazole in inhibiting the growth of trichophyton mentagrophytes /  c Graf Agdon, Ma. Samantha Alayon, Felix John Paul Barqueros, Ma. Conita Orteza, Mary Rose Pastrana . aLas Piñas, Philippines : bSISC, c2015. a87 pages :  bcolor illustrations ; c28 cm. aIncludes bibliographical references and appendices. aMiconazole c284054d284054